| 000 | 00526nam a2200229Ia 4500 | ||
|---|---|---|---|
| 003 | OSt | ||
| 005 | 20220912153034.0 | ||
| 006 | a|||||r|||| 00| 0 | ||
| 007 | ta | ||
| 008 | 220909b |||||||| |||| 00| 0 eng d | ||
| 024 | _a24516 | ||
| 037 | _cTextual | ||
| 040 |
_aCSL _beng _cCSL |
||
| 041 | _aeng | ||
| 082 | _aB48, G2 | ||
| 100 | _aBanach S | ||
| 245 | 0 | _aTheories for operations linearies | |
| 260 | _c1932 | ||
| 300 |
_ap. _ccm. |
||
| 942 |
_hB48, G2 _cTEXL _2CC |
||
| 999 |
_c96874 _d96874 |
||